00420nam a2200145Ia 4500008004100000041000900041082001700050100002600067245001800093260003600111300000800147650000800155999001700163952009400180230718s9999 xx 000 0 und d aEng. a34603bKHO-L aKhokhor, Munir Ahmed  0aLaw of tests  aPakistanbIrfan law book c2004 a447 aLaw c28674d28674 00104070aSIRC-LbSIRC-Ld2023-07-18l0o34603 KHO-Lp23625r2023-07-18w2023-07-18yBK